Arcs de Fairy Tail - Statistiques

Statistiques générales
  • Ce quiz a été pris 490 fois
  • Le résultat moyen est 7 sur 24
Statistiques - réponses
Arcs de Fairy Tail % Correct
Tartaros
82%
Oracion Seis
64%
Edolas
58%
Phantom Lord
53%
Tour du paradis
50%
Eclipse
38%
Avatar
35%
Ile de Galuna
32%
Arbaless
31%
Bataille de Fairy Tail
31%
Eisen Wald
31%
Macao
31%
Grands jeux intermagiques
29%
Ile Tenro
28%
Loki
27%
Day Break
24%
La clé du ciel étoilé
21%
Daphné
20%
Fairy Tail Zero
19%
Sept ans plus tard
9%
Eclipse des esprits stellaires
8%
La créature mystérieuse
6%
Un an plus tard
5%
La flamme éternelle
4%
Aucun quiz correspondant
Distribution des résultats
% des personnes avec chaque résultat
Percentile par nombre de réponses
Votre historique - résultats
Vous n’avez pas pris ce quiz